000 00282nam a22001217a 4500
008 170523b xxu||||| |||| 00| 0 eng d
041 _aeng
080 _a94(7/8)
100 _a16
101 _aSHH
245 _aTAKING SIDES UNITES STATES HISTORY
_cMADARAS.L
942 _2udc
_cBK
999 _c13841
_d13841